Absolutely Fabulous Characters - Statistics

General Stats
  • This quiz has been taken 20 times
  • The average score is 9 of 20
Answer Stats
Hint Answer % Correct
Jane Horrocks Bubble
94%
Joanna Lumley Patsy Stone
94%
Jennifer Saunders Edina Monsoon
89%
Julia Sawalha Saffron Monsoon
83%
Christopher Ryan Marshall
56%
Mo Gaffney Bo
50%
June Whitfield Mother
50%
Kathy Burke Magda
44%
Celia Imrie Claudia Bing
39%
Harriet Thorpe Fleur
33%
Christopher Malcolm Justin
33%
Naoko Mori Sarah
33%
Miranda Richardson Bettina
28%
Helen Lederer Catriona
28%
Patrick Barlow Max
28%
Llewella Gideon Nurse
22%
Gary Beadle Oliver
22%
James Dreyfuss Christopher
11%
Adrian Edmondson Hamish
11%
Felix Dexter John
11%
No matching quizzes found
Score Distribution
Percent of People with Each Score
Percentile by Number Answered
Your Score History
You have not taken this quiz